| 000 | 00384nam a2200145 a 4500 | ||
|---|---|---|---|
| 001 | 2482 | ||
| 005 | 20140414131911.0 | ||
| 008 | 050601s19uu xx 00 eng d | ||
| 050 |
_aER _bAn5 |
||
| 245 |
_aAnimals I love : _ba picture book of. |
||
| 260 |
_aTokyo : _bFrobel-kan, _c[n.d.] |
||
| 300 | _a1 v. p. : ill. ; cm. | ||
| 650 |
_aAnimals _xJuvenile literature. |
||
| 999 |
_c111226 _d111226 |
||